All Countries Ever Ruled by Arab Nations - Statistics

General Stats
  • This quiz has been taken 27 times
    20 since last reset
  • The average score is 34 of 47
Answer Stats
Answer % Correct
Bulgaria
95%
Russia
89%
Greece
84%
India
84%
Libya
84%
Morocco
84%
Pakistan
84%
Romania
84%
Spain
84%
Algeria
79%
Croatia
79%
Egypt
79%
Eritrea
79%
Ethiopia
79%
France
79%
Kazakhstan
79%
Portugal
79%
Serbia
79%
Sudan
79%
Tunisia
79%
Albania
74%
Andorra
74%
Armenia
74%
Azerbaijan
74%
Bosnia & Herzegovina
74%
Cyprus
74%
Djibouti
74%
Georgia
74%
Kosovo
74%
Montenegro
74%
Somalia
74%
South Sudan
74%
Turkmenistan
74%
China
68%
Hungary
68%
Moldova
68%
North Macedonia
68%
Ukraine
68%
Uzbekistan
68%
Afghanistan
63%
Mozambique
63%
Tanzania
63%
Comoros
58%
Slovakia
53%
Madagascar
47%
Kyrgzstan
21%
Tajikstan
16%
No matching quizzes found
Score Distribution
Percent of People with Each Score
Percentile by Number Answered
Your Score History
You have not taken this quiz since the last reset